000 00489 a2200193 4500
001 141232
040 _cLeonardo Da Vinci
041 _aPortuguês
082 _a869.93 A866hc
_bA866hc
100 _aASSIS, Machado de
245 _aHelena
_bo Alienista
260 _bEdições de ouro
_c1972
_aSão Paulo
300 _a247
362 _a19720000
490 _aObras imortais da nossa literatura
500 _aTextos integrais
697 _aLiteratura
_aRomance
_aBrasil
942 _cBK
999 _c141232
_d141232